=LDR 00000nam 2200000 4500 =001 INLIS000000000033117 =005 20200305112456 =035 ##$$a 0010-061300000033117 =008 200305################g##########0#ind## =041 ##$$a ind =082 ##$$a 158.2 =090 ##$$a 158.2, Agu i =100 1#$$a Agustin, Dheka Dewi =245 1#$$a Ilmu pasti mendapat sahabat dan dihormati orang lain/Dheka Dewi Agustin N; Editor, Hendra Setiawan /$c Dheka Dewi Agustin N; Editor, Hendra Setiawan =260 ##$$a Bandung :$b Jabal,$c 2007 =300 ##$$a 96 hlm. ; $c 13 x 19 cm =650 #4$$a Hubungan antar Pribadi =700 #$$a Setiawan, Hendra =850 ##$$a NBPNMAT =020 ##$$a 979-2423-05-2 =084 ##$$a 158.2 AGU i =250 ##$$a Cet.1 =990 ##$$a 21003859 =990 ##$$a 21003860